| 000 | 00475nam a2200145 a 4500 | ||
|---|---|---|---|
| 008 | 120416s0000 ||||||||||||||||| || u | ||
| 020 | _a0245526927 | ||
| 050 | _aPR 6057.A728 Gib | ||
| 100 | _aGibson, George | ||
| 245 | 1 | 0 | _aRat in the fo'c'sle |
| 260 |
_aLymington, Hampshire _bNautical _c1975 |
||
| 300 | _a222p. | ||
| 350 | _a0.00 | ||
| 995 |
_D0.00 _FCBU-MAIN LIBRARY (Kitwe) _H1 _I3.15 _M1 _UAVAILABLE _ZFiction Collection |
||
| 999 |
_c55596 _d55596 |
||